| Tag |
First Indicator |
Second Indicator |
Subfields |
| LEADER |
00000cam a2200000 a 4500 |
| 001 |
in00000656366 |
| 005 |
20151015073620.0 |
| 008 |
800910s1976 mx af b f00010 spam |
| 010 |
|
|
|a 80112312
|
| 035 |
|
|
|a (OCoLC)02887902
|
| 035 |
|
|
|9 ACX1931AM
|
| 040 |
|
|
|a DLC
|c DLC
|d m.c.
|d TXA
|d UtOrBLW
|
| 041 |
1 |
|
|a spa
|a eng
|
| 043 |
|
|
|a n-mx---
|
| 049 |
|
|
|a TXAM
|c [1653500]
|
| 050 |
0 |
0 |
|a HD2346.M42
|b Y824
|
| 100 |
1 |
|
|a Littlefield, Alice.
|
| 245 |
1 |
3 |
|a La industria de las hamacas en Yucatan, Mexico :
|b un estudio de antropologia economica /
|c Alice Littlefield ; [traduccion de Antonieta S. de Hope].
|
| 264 |
|
1 |
|a Mexico :
|b Instituto Nacional Indigenista : Secretaria de Educacion Publica,
|c [1976]
|
| 264 |
|
4 |
|c ©1976
|
| 300 |
|
|
|a 231 pages, 12 unnumbered pages of plates :
|b illustrations ;
|c 22 cm.
|
| 336 |
|
|
|a text
|b txt
|2 rdacontent
|
| 337 |
|
|
|a unmediated
|b n
|2 rdamedia
|
| 338 |
|
|
|a volume
|b nc
|2 rdacarrier
|
| 490 |
1 |
|
|a Coleccion SEP-INI ;
|v no. 52
|
| 504 |
|
|
|a Bibliography: pages 219-228.
|
| 650 |
|
0 |
|a Artisans
|z Mexico
|z Yucatan.
|
| 650 |
|
0 |
|a Hammock industry
|z Mexico
|z Yucatan.
|
| 650 |
|
0 |
|a Economic anthropology
|z Mexico
|z Yucatan
|x Case studies.
|
| 830 |
|
0 |
|a Colección SEP-INI ;
|v no. 52.
|
| 999 |
|
|
|a MARS
|
| 999 |
f |
f |
|s dc9f325e-ef2b-377b-b58a-12a70bb076dc
|i 4cced542-ecdc-366c-b8b9-e03d2c2fe626
|t 0
|
| 952 |
f |
f |
|p ric
|a Texas A&M University
|b Rellis Campus
|c Joint Library Facility
|d Remote Storage
|t 0
|e HD2346.M42 Y824
|h Library of Congress classification
|i unmediated -- volume
|m A14802665895
|
| 998 |
f |
f |
|a HD2346.M42 Y824
|t 0
|l Remote Storage
|